Prometeo

Saved in:
Bibliographic Details
Main Author: Pérez de Ayala, Ramón (Author)
Format: Book
Language:Spanish
Published: Santiago Pax 1940
Subjects:
Tags: Add Tag
No Tags, Be the first to tag this record!

MARC

LEADER 00000cam a2200000 a 4500
001 UCF8477
003 CL-VaPUC
008 130829e19400000cl |||||||||||||||||spa|d
082 0 4 |a 863  |b PER  |2 21 
100 0 |a Pérez de Ayala, Ramón  |e author  |9 348953 
245 1 0 |a Prometeo 
246 1 0 |a Luz de domingo 
246 1 3 |a La caída de los limones 
300 |a 107 p 
942 |c BK 
945 |d 20130829 16:45:00  |a dcastane 
260 |a Santiago  |b Pax  |c 1940 
650 7 |a PROSA ESPAÑOLA  |2 CL-VaPUC  |9 321304 
650 0 |a Novelas españolas  |9 265052 
650 0 |a Literatura española  |9 306261 
583 |a last modification  |c 20130829 16:45:00  |k Rodrigo Vera 
999 |c 353048  |d 353046 
952 |0 0  |1 0  |3 erb  |4 0  |6 863_000000000000000_PER_1940  |7 0  |8 A  |9 457902  |a BIBEDU  |b BIBEDU  |d 2019-11-23  |i 4997816  |o 863 PER 1940  |p 4997816  |r 2019-11-23  |w 2019-11-23  |y BK  |z Catalogado en:20130829  |k LIT